Control de identidad y detención. Doctrina y jurisprudencia
-д хадгалсан:
| Үндсэн зохиолч: | |
|---|---|
| Формат: | Ном |
| Хэл сонгох: | испани |
| Хэвлэсэн: |
Santiago
Librotecnia
2007
|
| Хэвлэл: | 2a. ed |
| Нөхцлүүд: | |
| Шошгууд: |
Шошго нэмэх
Шошго байхгүй, Энэхүү баримтыг шошголох эхний хүн болох!
|
MARC
| LEADER | 00000nam a2200000 a 4500 | ||
|---|---|---|---|
| 001 | UCI2678 | ||
| 003 | CL-VaPUC | ||
| 008 | 070907e20070000CL |||||||||||||||||spa|d | ||
| 020 | |a 9789567950546 | ||
| 082 | 0 | 4 | |a 345.8305 |b ROM |2 21 |
| 100 | 0 | |a Romero Muza, Rubén |e author |9 523786 | |
| 245 | 1 | 0 | |a Control de identidad y detención. Doctrina y jurisprudencia |
| 250 | |a 2a. ed | ||
| 300 | |a 262 p | ||
| 942 | |c BK | ||
| 945 | |d 20070907 00:00:00 |a rbrito | ||
| 260 | |a Santiago |b Librotecnia |c 2007 | ||
| 650 | 7 | |a DETENCION POR SOSPECHA |2 CL-VaPUC |9 408258 | |
| 650 | 0 | |a Control de identidad |9 523787 | |
| 650 | 7 | |a CODIGO DE PROCEDIMIENTO PENAL |2 CL-VaPUC |9 256474 | |
| 650 | 7 | |a FLAGRANCIA |2 CL-VaPUC |9 523788 | |
| 650 | 0 | |a Jurisprudencia |9 255952 | |
| 650 | 7 | |a CONTROL DELICTUAL |2 CL-VaPUC |9 523789 | |
| 650 | 0 | |a Reforma procesal penal |9 471095 | |
| 583 | |a last modification |c 20070907 00:00:00 |k Rodrigo Vera | ||
| 999 | |c 327156 |d 327154 | ||
| 952 | |0 0 |1 0 |4 0 |6 345_830500000000000_ROM_2007 |7 0 |8 A |9 409631 |a BIBDER |b BIBDER |d 2019-11-22 |i 4370465 |l 4 |o 345.8305 ROM 2007 |p 4370465 |r 2023-10-05 |s 2023-09-26 |w 2019-11-22 |y BK |k DER | ||